Οι Πιο Πολυπληθείς Σύγχρονες Χώρες το 1 μ.Χ. - Statistics

General Stats
  • This quiz has been taken 15 times
  • The average score is 14 of 20
Answer Stats
Πληθυσμός Χώρα % Correct
55 m Κίνα
100%
36 m Ινδία
100%
8 m Τουρκία
100%
4 m Αίγυπτος
100%
5 m Γαλλία
93%
4 m Ιράν
93%
3 m Ιαπωνία
93%
7 m Ιταλία
86%
3 m Ισπανία
86%
2 m Ελλάδα
86%
2 m Πακιστάν
79%
3 m Γερμανία
64%
2 m Ινδονησία
64%
2 m Συρία
57%
2 m Αφγανιστάν
43%
2 m Νιγηρία
43%
2 m Αλγερία
36%
2 m Μεξικό
36%
2 m Σουδάν
29%
2 m Μπανγκλαντές
14%
No matching quizzes found
Score Distribution
Percent of People with Each Score
Percentile by Number Answered
Your Score History
You have not taken this quiz